000 00528nam a2200193Ia 4500
005 20260120124416.0
008 008 260114s9999 xx 000 0 eng d
020 _a9781800433458
037 _aEBOOK
040 _aCRL
_beng
_cCRL
041 _aeng
_2eng
084 _qCRL
100 _aUsman Khan
_9906073
245 0 _aHealth Management 2.0
260 _bEmerald Publishing
_c2021
856 _uhttps://www.emerald.com/insight/publication/doi/10.1108/9781800433427
942 _cEBOOK
999 _c1497755
_d1497755